000 00351 a2200169 4500
001 185691
020 _a85-329-0136-0
040 _cMagnum
100 _aViana, Vivina de Assis
240 1 0 _aMeu dente caiu!
_lpor
245 1 0 _aMeu dente caiu!
300 _a16
362 0 _a1986
440 1 _aLĂȘ
697 _aLITERATURA INFANTO
942 _cBK
999 _c185691
_d185691